Soil erosion and conservation in Peninsular Malaysia: A monograph (Record no. 43731)

MARC details
000 -LEADER
fixed length control field 00316nam a2200109Ia 4500
082 ## - DEWEY DECIMAL CLASSIFICATION NUMBER
Classification number 631.1(591.05)
Item number SOI
100 ## - MAIN ENTRY--AUTHOR NAME
Personal name Soong Ngin Kwi
245 #0 - TITLE STATEMENT
Title Soil erosion and conservation in Peninsular Malaysia: A monograph
260 ## - PUBLICATION, DISTRIBUTION, ETC. (IMPRINT)
Place of publication Kuala Lumpur
Name of publisher RRIM
Year of publication 1980
942 ## - ADDED ENTRY ELEMENTS (KOHA)
Koha item type Books
Holdings
Withdrawn status Lost status Damaged status Not for loan Home library Current library Date acquired Source of acquisition Full call number Accession Number Koha item type
        RRII Library RRII Library 16/12/2021 Gift 631.1(591.05) SOI G00483 Books